Responses for Show #8100 - Friday, November 22, 2019

Contestants

[<< previous game]

Joyee Dasgupta, an international affairs analyst from Washington, D.C.

Seema Dahlheimer, a professor of technical writing from St. Louis, Missouri

Elise Nussbaum, a financial counselor from Jersey City, New Jersey (whose 2-day cash winnings total $54,800)

[next game >>]

Jeopardy! Round responses

BLACK-&-WHITE FILMS
RED ALERT
IN THE PINK
YELL "O"
IT'S ALL ABOUT THAT GREEN, BABY
I GOT THE BLUES
    $200 1
Humphrey Bogart

Elise
    $200 6
a double agent

Seema
    $200 28
protein

Joyee
    $200 30
an odometer

Joyee
    $200 29
Rupert Murdoch

Elise
    $200 12
Crayola

Seema
    $400 2
Psycho

Joyee
    $400 7
China

Joyee
    $400 25
(Alex: Yes. Less than a minute.)

unpasteurized

Elise
    $400 27
an oboe

Joyee
    $400 26
(Michael) Bloomberg

Elise
    $400 13
navy blue

Elise
    $600 3
Robert De Niro

Joyee
    $600 22
the proletariat

Joyee
    $600 16
body mass index

Seema
    $600 23
an oasis

Joyee
    $4,000 24
Koch

Joyee
    $600 20
denim

Elise
    $800 4
Dr. Strangelove

Seema
    $800 21
the Politburo

Joyee
    $800 17
gingivitis

Elise
    $800 14
(Elise: What is an osteopath?)

an orthopedist

Elise
Triple Stumper
    $800 10
(MacKenzie) Bezos

Joyee
    $800 9
Smurfette

Elise
    $1000 5
Schindler's List

Elise
    $1000 8
Kim Il-sung

Joyee
    $1000 18
Mental Illness

Seema
    $1000 15
Okie

Elise
    $1000 11
Alphabet

Seema
    $1000 19
the Inquisition

Elise

Scores at the first commercial break (after clue 15):

Elise Seema Joyee
$2,600 $2,200 $3,200

Scores at the end of the Jeopardy! Round:

Elise Seema Joyee
$6,000 $3,800 $10,000

Double Jeopardy! Round responses

WINDY CITY POLITICS
7-LETTER WORDS
QUOTABLE BOOKS
U.S. NAVAL ACADEMY GRADUATES
GEOGRAPHIC AKAs
GOOD TELEVISION
    $400 29
1968

Joyee
    $400 16
a buzzard

Elise
    $400 1
Alice in Wonderland

Joyee
    $400 30
John McCain

Joyee
    $400 23
the Thames

Joyee
    $400 21
Ted Danson

Elise
    $800 26
Daley

Elise
    $800 15
lecture

Seema
    $800 4
Breakfast at Tiffany's

Joyee
    $800 24
(Robert) Heinlein

Elise
    $800 22
K2

Seema
    $800 20
Good Morning America

Elise
    $1200 12
Jesse Jackson

Elise
    $1200 9
a dungeon

Elise
    $4,000 5
(Joyee: What is I have absolutely no idea?)

Oh, The Places You'll Go!

Joyee
    $1200 25
(Ross) Perot

Elise
    $1200 2
Suriname

Joyee
    $1200 17
Christina Hendricks

Joyee
    $1600 14
alderman

Seema
    $1600 11
lowball

Joyee
    $1600 8
Around the World in Eighty Days

Joyee
    $2,400 27
(Elise: Hmm. All three.)
...
(Alex: And I don't know if it was necessary for you to add the commentary. "All three? Oh, okay.")
[Laughter]

Mercury, Gemini & Apollo

Elise
    $1600 3
Gdansk

Elise
    $1600 18
Good Behavior

Seema
    $2000 13
(Elise: Who is Abbie Hoffman?)

Saul Alinsky

Elise
Triple Stumper
    $2000 10
(Joyee: What is a forgery?)

a foundry

Joyee
Triple Stumper
    $2000 7
(Elise: What is All the Light You Can See?)
(Seema: What is The Goldfinch?)

All the Light We Cannot See

EliseSeema
Triple Stumper
    $2000 28
(Elise: Who is Aguinaldé?)

George Dewey

Elise
Triple Stumper
    $2000 6
Tasmania

Elise
    $2000 19
(Seema: Who is Margulies?)

Christine Baranski

EliseSeema

Scores at the end of the Double Jeopardy! Round:

Elise Seema Joyee
$14,800 $4,600 $12,000

[wagering suggestions for these scores]

Final Jeopardy! Round responses

HOME & GARDEN
[Joyee specified his shout out translates to "I love you" to his wife who was not able to attend the taping.]
SeemaWhat are flowerpots?
$4,600
JoyeeWhat are garden gnomes? ATBB Sarah!
$2,799
EliseWhat are garden gnomes?
$10,000
garden gnomes

Final scores:

Elise Seema Joyee
$24,800 $0 $14,799
3-day champion: $79,600 3rd place: $1,000 2nd place: $2,000

Game dynamics:

Coryat scores:

Elise Seema Joyee
$14,000 $4,600 $12,600
23 R
(including 1 DD),
4 W
10 R,
2 W
21 R
(including 1 DD),
2 W
(including 1 DD)

Combined Coryat: $31,200

[game clues] [game scores] [suggest correction]

Game tape date: 2019-09-24
The J! Archive is created by fans, for fans. Scraping, republication, monetization, and malicious use prohibited; this site may use cookies and collect identifying information. See terms. The Jeopardy! game show and all elements thereof, including but not limited to copyright and trademark thereto, are the property of Jeopardy Productions, Inc. and are protected under law. This website is not affiliated with, sponsored by, or operated by Jeopardy Productions, Inc. Join the discussion at JBoard.tv.